Геология полезных ископаемых: учебник

Bibliografische gegevens
Hoofdauteur: Авдонин В. В. Виктор Васильевич
Andere auteurs: Старостин В. И. Виктор Иванович
Samenvatting:В первой части учебника рассмотрены вопросы происхождения месторождений полезных ископаемых, изложена генетическая классификация месторождений и дано описание важнейших групп, проанализирована эволюция эндогенного и экзогенного рудогенеза в истории Земли. Во второй части приведены понятия о геолого-промышленных типах месторождений, дан детальный обзор рудных месторождений, подразделенных на группы черных, цветных, редких, благородных и радиоактивных металлов, и основных групп месторождений неметаллических полезных ископаемых. Для студентов высших учебных заведений.
Taal:Russisch
Gepubliceerd in: Москва, Академия, 2010
Reeks:Высшее профессиональное образование. Естественные науки
Onderwerpen:
Formaat: Boek
KOHA link:https://koha.lib.tpu.ru/cgi-bin/koha/opac-detail.pl?biblionumber=178168

MARC

LEADER 00000nam0a2200000 4500
001 178168
005 20231101223405.0
010 |a 9785769553400 
035 |a (RuTPU)RU\TPU\book\193157 
090 |a 178168 
100 |a 20100402d2010 m y0rusy50 ca 
101 0 |a rus 
102 |a RU 
105 |a a j 001zy 
200 1 |a Геология полезных ископаемых   |e учебник  |f В. В. Авдонин, В. И. Старостин 
210 |a Москва  |c Академия  |d 2010 
215 |a 384 с.  |c ил. 
225 1 |a Высшее профессиональное образование. Естественные науки 
320 |a Библиогр.: с. 380. 
330 |a В первой части учебника рассмотрены вопросы происхождения месторождений полезных ископаемых, изложена генетическая классификация месторождений и дано описание важнейших групп, проанализирована эволюция эндогенного и экзогенного рудогенеза в истории Земли. Во второй части приведены понятия о геолого-промышленных типах месторождений, дан детальный обзор рудных месторождений, подразделенных на группы черных, цветных, редких, благородных и радиоактивных металлов, и основных групп месторождений неметаллических полезных ископаемых. Для студентов высших учебных заведений. 
606 1 |a Полезные ископаемые  |x Геология  |2 stltpush  |3 (RuTPU)RU\TPU\subj\50069  |9 68818 
610 1 |a учебники 
610 1 |a месторождения полезных ископаемых 
610 1 |a эндогенная серия 
610 1 |a экзогенная серия 
610 1 |a метаморфогенная серия 
610 1 |a металлические полезные ископаемые 
610 1 |a неметаллические полезные ископаемые 
610 1 |a черные металлы 
610 1 |a цветные металлы 
610 1 |a редкие элементы 
610 1 |a благородные металлы 
610 1 |a радиоактивные металлы 
610 1 |a химическое сырье 
610 1 |a агрономическое сырье 
610 1 |a индустриальное сырье 
610 1 |a минеральные строительные материалы 
675 |a 553(075.8)  |v 3 
700 1 |a Авдонин  |b В. В.  |g Виктор Васильевич 
701 1 |a Старостин  |b В. И.  |g Виктор Иванович 
801 1 |a RU  |b 63413507  |c 20100402 
801 2 |a RU  |b 63413507  |c 20200904  |g RCR 
900 |a Геология полезных ископаемых 
900 |a Полезные ископаемые 
900 |a Месторождения полезных ископаемых 
900 |a Промышленные типы месторождений полезных ископаемых 
942 |c BK 
951 |a 511000  |b 020300 
959 |a 20/20100322  |d 8  |e 449,90  |f ЧЗТЛ:2  |f АНЛ:1  |f УФ:5 
959 |a 71/20110830  |d 10  |e 449,90  |f УФ:10